MARC details
| 000 -CABECERA |
| campo de control de longitud fija |
03642nam a22003257a 4500 |
| 003 - IDENTIFICADOR DEL NÚMERO DE CONTROL |
| campo de control |
OSt |
| 005 - FECHA Y HORA DE LA ÚLTIMA TRANSACCIÓN |
| campo de control |
20250815110712.0 |
| 007 - CAMPO FIJO DE DESCRIPCIÓN FÍSICA--INFORMACIÓN GENERAL |
| campo de control de longitud fija |
cr ||||||a|c|a |
| 008 - DATOS DE LONGITUD FIJA--INFORMACIÓN GENERAL |
| campo de control de longitud fija |
240819s2020 mx ad||fom||| 001 0 spa d |
| 040 ## - FUENTE DE LA CATALOGACIÓN |
| Normas de descripción |
rda |
| 100 1# - ENTRADA PRINCIPAL--NOMBRE DE PERSONA |
| Nombre de persona |
Juan Rosales, Andrea |
| 9 (RLIN) |
126434 |
| 245 10 - MENCIÓN DE TÍTULO |
| Título |
Estudio de dosis respuesta de Phalaris minor a herbicidas inhibidores de la enzima acetil coenzima- a carboxilasa (ACCasa) / |
| Mención de responsabilidad, etc. |
por Andrea Juan Rosales; director Andres Bolaños Espinoza; asesor Santos Gerardo Leyva Mir; asesor Mateo Vargas Hernández |
| 264 #1 - PRODUCCIÓN, PUBLICACIÓN, DISTRIBUCIÓN, FABRICACIÓN Y COPYRIGHT |
| Producción, publicación, distribución, fabricación y copyright |
Chapingo, México : |
| Nombre del de productor, editor, distribuidor, fabricante |
El autor, |
| Fecha de producción, publicación, distribución, fabricación o copyright |
2020. |
| 300 ## - DESCRIPCIÓN FÍSICA |
| Extensión |
1 recurso en línea (56 páginas): |
| Otras características físicas |
Ilustraciones, cuadros, gráficas |
| 336 ## - TIPO DE CONTENIDO |
| Fuente |
rdacontent |
| Término de tipo de contenido |
texto |
| Código de tipo de contenido |
txt |
| 337 ## - TIPO DE MEDIO |
| Fuente |
rdamedia |
| Nombre/término del tipo de medio |
computadora |
| Código del tipo de medio |
c |
| 338 ## - TIPO DE SOPORTE |
| Fuente |
rdacarrier |
| Nombre/término del tipo de soporte |
recurso en línea |
| Código del tipo de soporte |
cr |
| 502 ## - NOTA DE TESIS |
| Tipo de título |
Maestría en Ciencias en Protección Vegetal |
| Nombre de la institución que otorga el título |
Departamento de Enseñanza, Investigación y Servicio en Parasitología Agrícola, |
| Año de obtención del título |
2020 |
| Información miscelánea |
Maestría |
| 504 ## - NOTA DE BIBLIOGRAFÍA, ETC. |
| Nota de bibliografía, etc. |
Incluye referencias bibliográficas: páginas 23-24, 39 , 55-56 |
| 520 ## - SUMARIO, ETC. |
| Sumario, etc. |
La producción agrícola se ve afectada por la presencia de malezas. A nivel mundial, actualmente existen 512 casos de malezas resistentes a herbicidas con 262 especies. Los herbicidas inhibidores de la Acetil Coenzima A carboxilasa (ACCasa) ocupan el tercer lugar con casos de resistencia reportados. En México Phalaris minor es considerada como una maleza agresiva en los campos de trigo. En el Bajío guanajuatense el rendimiento de este cultivo se ve disminuido por la presencia de esta maleza pudiendo ser reducido hasta en un 90%. Por lo anterior, se han colectado biotipos de alpistillo, en campos de trigo donde su control ha sido deficiente con el objetivo de determinar si los biotipos colectados presentan resistencia a herbicidas inhibidores de la ACCasa y de ser así calcular su RC50 y su Índice de Resistencia (IR). Fueron colectados 10 biotipos en el Bajío guanajuatense para su estudio. En la Universidad Autónoma Chapingo. Se instaló un bioensayo preliminar donde se evaluaron 3 dosis para evaluar la respuesta a la aplicación de Pinoxaden y Clodinafop (60, 90 y 120 g i. a. ha-1), en donde se determinó que existen biotipos con tolerancia a ambos herbicidas. Con base en lo anterior, se instaló un bioensayo de dosis respuesta con los 10 biotipos colectados, en un diseño experimental en parcelas divididas con 3 repeticiones. Las dosis evaluadas para ambos herbicidas fueron de 0, 7.5, 15, 30, 60, 120, 240 y 480 g i.a. ha-1; los cuales se asperjaron de forma independiente a los 10 biotipos cuando las plantas exhibieron 3 hojas desarrolladas. La aplicación se realizó con una mochila de aspersión manual con punta de doble abanico TJ-60 8003. 21 días después de la aplicación herbicida se determinó el peso fresco y biomasa seca de cada tratamiento. Se realizó el ANAVA y prueba de comparación de medias, usando el programa estadístico SAS (Statycal Analysis Sistem). Se determinó el valor de RC50 a cada uno de los biotipos, y se les calculó el Índice de Resistencia. Como resultados se determinó que existen dos biotipos con resistencia cruzada a los herbicidas pinoxaden y clodinafop propargil y un biotipo con resistencia a pinoxaden. |
| 650 #4 - PUNTO DE ACCESO ADICIONAL DE MATERIA--TÉRMINO DE MATERIA |
| Término de materia o nombre geográfico como elemento de entrada |
Malas hierbas |
| Subdivisión general |
Resistencia a herbicidas |
| 9 (RLIN) |
70035 |
| 650 #4 - PUNTO DE ACCESO ADICIONAL DE MATERIA--TÉRMINO DE MATERIA |
| Término de materia o nombre geográfico como elemento de entrada |
Malas hierbas |
| Subdivisión general |
Control |
| 9 (RLIN) |
70011 |
| 650 #4 - PUNTO DE ACCESO ADICIONAL DE MATERIA--TÉRMINO DE MATERIA |
| Término de materia o nombre geográfico como elemento de entrada |
Herbicidas aplicación |
| 9 (RLIN) |
174669 |
| 650 #4 - PUNTO DE ACCESO ADICIONAL DE MATERIA--TÉRMINO DE MATERIA |
| Término de materia o nombre geográfico como elemento de entrada |
Herbicidas |
| Subdivisión general |
Análisis |
| 9 (RLIN) |
132171 |
| 700 1# - PUNTO DE ACCESO ADICIONAL--NOMBRE DE PERSONA |
| Nombre de persona |
Bolaños Espinoza, Andrés |
| 9 (RLIN) |
13468 |
| Término indicativo de función/relación |
director |
| 700 1# - PUNTO DE ACCESO ADICIONAL--NOMBRE DE PERSONA |
| Nombre de persona |
Leyva Mir, Santos Gerardo |
| 9 (RLIN) |
66581 |
| Término indicativo de función/relación |
asesor |
| 700 1# - PUNTO DE ACCESO ADICIONAL--NOMBRE DE PERSONA |
| Nombre de persona |
Vargas Hernández, Mateo |
| Término indicativo de función/relación |
asesor |
| 9 (RLIN) |
118026 |
| 856 ## - LOCALIZACIÓN Y ACCESO ELECTRÓNICOS |
| Identificador Uniforme del Recurso |
http://10.13.5.2/tesis/tm/2020_PA_Juan_Rosales_Andrea.pdf |
| Nota pública |
DESCARGAR PDF |
| 942 ## - ELEMENTOS DE PUNTO DE ACCESO ADICIONAL (KOHA) |
| Fuente del sistema de clasificación o colocación |
Clasificación Universidad Autónoma Chapingo |
| Tipo de ítem Koha |
Tesis digital |